000 00851nam a22002417a 4500
999 _c15021
_d15021
003 AR-CdUCM
008 190425b ||||| |||| 00| 0 spa d
020 _a978-84-683-07-51-0
020 _a978-84-683-0750-3
020 _a978-84-683-0749-7
020 _a978-84-683-0748-0
040 _aMUNICIPALIDAD PROVINCIAL DEL CUSCO
_cBIBLIOTECA MUNICIPAL DEL CUSCO
082 _aPI / 423 /
_bE23
110 _aSpiceBox
_934028
245 _aMi primera biblioteca :
_bEspañol- ingles de colores brillantes /
260 _aBarcelona :
_bEdebe,
_c2012.
300 _a4 libros ;
_bIlutaciones,
_c18 cm.
_e4 pósteres brillantes,
505 _aContenido: V1:Amarillo- Yellow --V.2:Verde-Green --V.3: Azul- Blue -- V.4:Rojo- Red /
650 _aTextos infantiles
_933764
650 _aEducativos
_934029
942 _2ddc
_cLIBROS
945 _arjall
_d2019-04-25